Nealkoholické nápoje pro povzbuzení
V posledných rokoch sa na trhu významnejšie presadzujú nápoje izotonické, energetické (Red Bull, Erektus, Semtex, Dynamit Bubble Gum, NoDelirium, Flying Horse, Take Off, Livital B3, Guarana, Wild Dog) a ľadové čaje (Rauch, Pfanner, Sun and Fun). Podiel nealkoholických nápojov na trhu ČR v r. 1996.
Enregistré dans:
| Format: | Chapitre de livre |
|---|---|
| Langue: | tchèque |
| Sujets: | |
| Tags: |
Pas de tags, Soyez le premier à ajouter un tag!
|
MARC
| LEADER | 00000naa a2200000 4500 | ||
|---|---|---|---|
| 001 | r027658 | ||
| 005 | 20230727091010.5 | ||
| 041 | 0 | |a cze | |
| 044 | |a CZ | ||
| 245 | 1 | 0 | |a Nealkoholické nápoje pro povzbuzení |
| 520 | |a V posledných rokoch sa na trhu významnejšie presadzujú nápoje izotonické, energetické (Red Bull, Erektus, Semtex, Dynamit Bubble Gum, NoDelirium, Flying Horse, Take Off, Livital B3, Guarana, Wild Dog) a ľadové čaje (Rauch, Pfanner, Sun and Fun). Podiel nealkoholických nápojov na trhu ČR v r. 1996. | ||
| 610 | 2 | 0 | |a nápoje nealkoholické |
| 610 | 2 | 0 | |a trh |
| 610 | 2 | 0 | |a Česko |
| 610 | 2 | 0 | |a čaj |